| 000 | 01284nam a22002057a 4500 | ||
|---|---|---|---|
| 999 |
_c65804 _d65804 |
||
| 005 | 20251125233108.0 | ||
| 008 | s2555 th ||||| |||| 00| 0 tha d | ||
| 040 | _aNALT | ||
| 050 |
_aDS 578.32 _bท622ส 2554 |
||
| 110 | 2 |
_aมูลนิธิสายใจไทย ในพระบรมราชูปถัมภ์ _96983 |
|
| 245 | 1 | 0 |
_aสารสายใจไทย ฉบับเฉลิมพระเกียรติ / _cมูลนิธิสายใจไทย ในพระบรมราชูปถัมภ์. |
| 260 |
_aกรุงเทพฯ : _bอมรินทร์พริ้นติ้งแอนด์พับลิชชิ่ง, _c2555. |
||
| 300 |
_a167 หน้า : _bภาพประกอบ ; _c29 ซม. |
||
| 600 | 0 | 0 |
_aเทพรัตนราชสุดาฯ สยามบรมราชกุมารี, _cสมเด็จพระ, _d2498- _911456 |
| 600 | 0 | 0 |
_aภูมิพลอดุลยเดช, _cพระบาทสมเด็จพระเจ้าอยู่หัว, _d2470- _96254 |
| 850 | _aNALT | ||
| 856 | 4 | 0 |
_uhttps://hdl.handle.net/20.500.14156/385954 _71 |
| 942 |
_cGB _2lcc |
||
| 998 |
_j _kCRON CRON |
||